| 000 | 00920nam a2200265Ia 4500 | ||
|---|---|---|---|
| 003 | OSt | ||
| 005 | 20221005111346.0 | ||
| 006 | a|||||r|||| 00| 0 | ||
| 007 | ta | ||
| 008 | 221004b |||||||| |||| 00| 0 hin d | ||
| 020 |
_a9788181439352 (hbk) _c200 |
||
| 024 | _a17550 | ||
| 037 |
_b521, 21/03/2015, Vani Prakashan _cTextual |
||
| 040 |
_aCRL _cCRL _bhin |
||
| 041 |
_2hin _ahin |
||
| 082 | _aNW44wN17,1, 152P8 | ||
| 100 |
_aए. के. हंगल _9624176 |
||
| 245 | 0 | _aमैं एक हरफ़नमौला | |
| 246 | _aMaian ek haraफ़namaulā | ||
| 260 |
_aनई दिल्ली _bवाणी प्रकाशन भारत _c2008 |
||
| 300 |
_a144पृ0 _ccm. |
||
| 650 | _aल्थ्ल्त् क्ल्ज्ञ | ||
| 942 |
_hNW44wN17,1, 152P8 _cTEXL _2cc |
||
| 999 |
_c1021594 _d1021594 |
||